Trovas, Versos e Parêmias (Record no. 74163)

MARC details
000 -LÍDER
campo de controle de tamanho fixo 00400 a2200169 4500
001 - NÚMERO DE CONTROLE
campo de controle 74163
020 ## - ISBN - INTERNATIONAL STANDARD BOOK NUMBER
ISBN - International Standard Book Number
040 ## - FONTE DA CATALOGAÇÃO
Instituição que transcreveu o registro Anchieta - Colégio São Paulo
100 ## - ENTRADA PRINCIPAL--NOME PESSOAL
Nome pessoal Teles, J. F. Sá de
240 10 - TÍTULO UNIFORME
Título uniforme Trovas, Versos e Parêmias
Idioma da obra por
245 10 - TÍTULO
Título Trovas, Versos e Parêmias
300 ## - DESCRIÇÃO FÍSICA
Extensão 66
362 0# - DATAS DE PUBLICAÇÃO E/OU DESIGNAÇÃO SEQUENCIAL
Datas de publicação e/ou designação sequencial 1999
440 #1 - DECLARAÇÃO DE SÉRIE/ENTRADA ADICIONADA--TÍTULO
Título Empresa Gráfica da Bahia
650 #4 - ASSUNTO--TERMO TÓPICO
Cabeçalho tópico ou nome geográfico Poesia portuguesa
942 ## - ELEMENTOS DE ENTRADA ADICIONADOS (KOHA)
Tipo de material Koha Livros
Holdings
Situação do descarte Situação das perdas Situação física Não pode ser emprestado Biblioteca de origem Biblioteca atual Data de aquisição Total de empréstimos Código de barras Data de último acesso Data do preço efetivo Tipo de material Koha
        Colégio São Paulo Colégio São Paulo 22/11/2023   4665/CSP 22/11/2023 22/11/2023 Livros